Sasha and Emma : the anarchist odyssey of Alexander Berkman and Emma Goldman /

Bibliographic Details
Main Author: Avrich, Paul
Corporate Author: ebrary, Inc
Other Authors: Avrich, Karen
Format: eBook
Language:English
Published: Cambridge, Mass. : Belknap Press of Harvard University Press, 2012.
Subjects:
Online Access:Connect to the full text of this electronic book

MARC

Tag First Indicator Second Indicator Subfields
LEADER 00000cam a2200000Ia 4500
001 in00002785589
006 m o d
007 cr cn|||||||||
008 120302s2012 maua ob 001 0ceng d
005 20250816204300.8
010 |z  2012008659 
020 |z 0674065980 (hbk. : alk. paper) 
020 |z 9780674065987 (hbk. : alk. paper) 
020 |z 9780674067677 
035 |a (CaPaEBR)ebr10614390 
040 |a CaPaEBR  |c CaPaEBR  |d UtOrBLW 
050 1 4 |a HX843.5  |b .A97 2012eb 
082 0 4 |a 335/.83092273  |a B  |2 23 
100 1 |a Avrich, Paul. 
245 1 0 |a Sasha and Emma :  |b the anarchist odyssey of Alexander Berkman and Emma Goldman /  |c Paul Avrich and Karen Avrich. 
264 1 |a Cambridge, Mass. :  |b Belknap Press of Harvard University Press,  |c 2012. 
300 |a 1 online resource (x, 490 pages) :  |b illustrations 
336 |a text  |b txt  |2 rdacontent 
337 |a computer  |b c  |2 rdamedia 
338 |a online resource  |b cr  |2 rdacarrier 
504 |a Includes bibliographical references and index. 
500 |a Electronic resource. 
600 1 0 |a Berkman, Alexander,  |d 1870-1936. 
600 1 0 |a Goldman, Emma,  |d 1869-1940. 
650 0 |a Anarchists  |z United States  |v Biography. 
650 0 |a Anarchism  |z United States  |x History. 
655 7 |a Electronic books.  |2 local 
700 1 |a Avrich, Karen. 
710 2 |a ebrary, Inc. 
856 4 0 |u https://ebookcentral.proquest.com/lib/tamucs/detail.action?docID=3301149  |y Connect to the full text of this electronic book  |t 0 
980 |a 121127  |b 35  |c USD  |e 52.5  |f YBP_EBR0000047632  |g 1 
999 f f |s a5d6ac7d-3cd1-3e82-80d9-3114bbc60b1e  |i 7ed94a70-11a2-3db0-a3dc-3e707ad5074c  |t 0 
999 |a MARS 
952 f f |a Texas A&M University  |b College Station  |c Electronic Resources  |d Available Online  |t 0  |e HX843.5 .A97 2012eb  |h Library of Congress classification 
998 f f |a HX843.5 .A97 2012eb  |t 0  |l Available Online